| 000 | 01567cam a2200457 a 4500 | ||
|---|---|---|---|
| 001 | 10788595 | ||
| 003 | USPCAS-E | ||
| 005 | 20180118181424.0 | ||
| 006 | m o d | ||
| 007 | cr zn| | ||
| 008 | 140319s2013 maua obf 001 0 eng d | ||
| 020 | _z9781118208465 (hbk.) | ||
| 020 | _z1118208463 (hbk.) | ||
| 035 | _a(CtWfDGI)bke00052680 | ||
| 035 | _a(NNC)10788595 | ||
| 040 |
_aCtWfDGI _beng _cCtWfDGI |
||
| 050 | 1 | 4 |
_aTK1051 _b.S64 2013eb |
| 082 | 0 | 4 |
_a363.738746 _222 _bSPE-C 2013 |
| 100 | 1 | _aSpeight, James G. | |
| 245 | 1 | 0 |
_aCoal-fired power generation handbook _h[electronic resource] / _cJames G. Speight. |
| 256 | _aComputer document. | ||
| 260 |
_aBeverly, Mass. : _bScrivener Pub. ; _aHoboken, N.J. : _bWiley, _cc2013 _e(Norwood, Mass. : _fBooks24x7.com [generator]) |
||
| 490 | 1 | _aPower generation | |
| 500 | _aTitle from title screen. | ||
| 502 | _a. | ||
| 504 | _aIncludes bibliographical references and index. | ||
| 516 | _aText. | ||
| 530 | _aAvailable also in a print ed. | ||
| 538 | _aMode of access: Internet via World Wide Web. | ||
| 550 | _aDigitized and made available by: Books24x7.com. | ||
| 650 | 0 | _aCoal-fired power plants. | |
| 650 | 0 |
_aCoal-fired power plants _xTechnological innovations. |
|
| 650 | 0 | _aGreenhouse gas mitigation. | |
| 655 | 7 |
_aElectronic books. _2lcsh |
|
| 655 | 0 | _aElectronic books. | |
| 710 | 2 | _aBooks24x7, Inc. | |
| 830 | 0 | _aPower generation. | |
| 856 | 4 | 0 |
_uhttp://www.columbia.edu/cgi-bin/cul/resolve?clio10788595 _zClick here for full text. |
| 942 |
_2ddc _cBK |
||
| 999 |
_c356101 _d356101 |
||